Statistiques concernant Pays produisant le plus d'agneau

Cliquez ici pour prendre le quiz!

Statistiques générales

  • Ce quiz a été pris 57 fois
  • Le résultat moyen est 12 sur 20

Statistiques - réponses

1000 tonnespays% Correct
2384Chine
91%
235Inde
89%
670Australie
81%
203Russie
78%
269Algérie
72%
163Maroc
72%
451Nouvelle-Zélande
72%
172Pakistan
72%
333Turquie
72%
291Iran
61%
298Royaume-Uni
52%
151Kazakhstan
50%
156Afrique du Sud
46%
229Ouzbékistan
46%
153Syrie
46%
127Mongolie
44%
129Turkménistan
43%
149Nigeria
35%
256Soudan
35%
151Tchad
26%

Distribution des résultats

Percentile par nombre de réponses

% des personnes avec chaque résultat

Votre développement - résultats

Vous n’avez pas pris ce quiz